Bosquejo histórico de Coyoacán. (Registro nro. 437126)
[ vista simple ]
| 000 -LÍDER | |
|---|---|
| Campo fijo de descripción fija | 00778nam a22002177a 4500 |
| 003 - IDENTIFICADOR DEL NÚMERO DE CONTROL | |
| Campo de control | BCEG |
| 005 - FECHA Y HORA DE LA ULTIMA TRANSACCIÓN | |
| control field | 20260323163830.0 |
| 008 - ELEMENTOS DE LONGITUD FIJA -- INFORMACIÓN GENERAL | |
| Campo fijo de descripción fija -- Información general | 260323q1984 mx|||||| |||| 00| 0 spa d |
| 040 ## - FUENTE DE CATALOGACIÓN | |
| Agencia de catalogación original | BCEG |
| Idioma de catalogación | spa |
| Agencia que realiza la transcripción | BCEG |
| 082 04 - CLASIFICACIÓN | |
| Número de clasificación | WJ972.53 |
| Número de cutter | S715b |
| 100 1# - ASIENTO PRINCIPAL--NOMBRE PERSONAL | |
| Nombre del autor personal | Sosa, Francisco, |
| Fechas asociadas con el nombre | 1848-1925. |
| 245 10 - TÍTULO PROPIAMENTE DICHO | |
| Título | Bosquejo histórico de Coyoacán. |
| 260 ## - PUBLICACIÓN, DISTRIBUCIÓN, ETC. (PIE DE IMPRENTA) | |
| Lugar de publicación, distribución, etc. | México : |
| Nombre del editor, distribuidor, etc. | Restaurante Villa de Sosa, |
| Fecha de publicación, distribución, etc. | [1984]. |
| 300 ## - DESCRIPCIÓN FÍSICA | |
| Extensión | 76 p. |
| 500 ## - NOTA GENERAL | |
| Nota General | Edición reimpresa. |
| 506 ## - NOTA DE RESTRICCIONES DE ACCESO | |
| Términos que controlan el acceso | Para uso exclusivo en sala de Fondos Especiales; Requiere autorización para reproducción. |
| Autorización | Reglamento de la Sala de Fondos Especiales. |
| 535 ## - NOTA DE UBICACIÓN DE ORIGINALES | |
| Custodio | Disponible en Colección Wigberto Jiménez Moreno. |
| 651 #4 - ENCABEZAMIENTO DE MATERIA -- NOMBRE GEOGRÁFICO | |
| Nombre geográfico | Coyoacán (México) |
| Subdivisión general | Historia. |
| 700 1# - ASIENTO SECUNDARIO - NOMBRE PERSONAL | |
| Nombre personal | Aguilar Fernández, José Luis, |
| Función o responsabilidad del autor | prol. |
| 942 ## - TIPO DE MATERIAL (KOHA) | |
| Tipo de Item KOHA | Libro |
| Esquema de Clasificacion | No para Préstamo | Colección | Biblioteca de Origen | Biblioteca Permanente | Fecha de Adquisición | Total de Préstamos | Signatura Topográfica | Código de Barras | Última vez visto | Tipo de Material |
|---|---|---|---|---|---|---|---|---|---|---|
| Dewey Decimal Classification | Material en Reserva | General | Biblioteca Central Estatal de Guanajuato, "Wigberto Jiménez Moreno" | Biblioteca Central Estatal de Guanajuato, "Wigberto Jiménez Moreno" | 23/03/2026 | WJ972.53 S715b | BCEG8655220900 | 23/03/2026 | Libro |